00309pab a2200121 454500008004000000100002000040245003500060260000900095300001600104362001100120650002200131773003400153180718b2003 xxu||||| |||| 00| 0 eng d aSandesara, J.C. aP R Brahmananda: a remembrance c2003 ap.1633-634. a26 Apr aBrahmananda, B.R. aEconomic and Political Weekly